Three Band Flags of Africa - Statistics

General Stats
  • This quiz has been taken 389 times
    388 since last reset
  • The average score is 14 of 17
Answer Stats
Country % Correct
Chad
96%
Niger
94%
Ivory Coast
93%
Mali
92%
Nigeria
92%
Egypt
88%
Gabon
87%
Cameroon
85%
Guinea
85%
Sierra Leone
84%
Senegal
82%
Libya
78%
Rwanda
75%
Ghana
71%
Lesotho
66%
Malawi
63%
Ethiopia
45%
No matching quizzes found
Score Distribution
Percent of People with Each Score
Percentile by Number Answered
Your Score History
You have not taken this quiz since the last reset